| 000 | 00591nam a2200157Ia 4500 | ||
|---|---|---|---|
| 008 | 090124s9999 xx 000 0 und d | ||
| 082 |
_b28977 _a601 |
||
| 245 | _a आयुर्वेदीक शब्दकोश खंड (1) | ||
| 250 | _a1 | ||
| 260 | _c1968 | ||
| 300 | _a803 | ||
| 630 | _a आयुर्वेदीक शब्दकोश खंड (1) | ||
| 700 | _aजोशी वेणीमाधवशास्त्री / जोशी नारायण हरि | ||
| 730 | _a आयुर्वेदीक शब्दकोश खंड (1) | ||
| 942 | _cBOOK | ||
| 999 |
_c142431 _d142431 |
||